000 00344nam a22001217a 4500
999 _c23329
_d23329
003 NUST
005 20180116172806.0
008 130409b xxu||||| |||| 00| 0 eng d
020 _cAvalable
_a812970207-x
040 _aDLC
_bDLC
_cRCMS
050 _b000025
082 _b000025
_22nd,ed.
_a005.8 CHE
100 _aCheswick William R.
_95352
245 _aFirewalls And Internet Security
_cCheswicic
_bRepelling the Wily Hacker
260 _aIndia
_bPearson Education
_cc,2003
300 _axx,433,p:
_bPb:
_c22,cm.
538 _iShelf No 2 Row No 1
600 _xFirewalls And Internet Security
_95353
856 _3Table of Content Only
942 _2ddc
_cBK